000 00689nam a22001577a 4500
999 _c61169
_d61169
005 20231226171117.0
008 231226s1982 ru ||||| |||| 00| 0 rus d
041 _arus
080 _a731.1 H-87
245 _aНумизматика античного Причерноморья :
_bСборник научных трудов /
_cАН УССР, Одес. археол. музей.
264 _aКиев :
_bНаук. думка,
_c1982.
300 _a164 с. :
_bил. :
_c22 cm.
653 _aშავი ზღვის რეგიონის ნუმიზმატიკა
710 _aАН УССР,
_d Одес. археол. музей.
_920902
942 _2udc
_cᲬᲘᲒᲜᲘ